| 000 | 00663nam a22002297a 4500 | ||
|---|---|---|---|
| 003 | UA-OsUOA | ||
| 001 | 39290 | ||
| 007 | ta | ||
| 008 | 20060614b un ||||| |||| 00| 0 ukr d | ||
| 100 | _aКаргалов В.В, | ||
| 090 |
_a94(477).02 _bК21 |
||
| 942 | _cBK | ||
| 040 |
_aUA-OsUOA _brus _cUA-OsUOA _dUA-OsUOA |
||
| 245 | _aВнешне-политические факторы развития феодальной Руси | ||
| 300 | _a260 с. | ||
| 955 | _a3 | ||
| 041 | _arus | ||
| 080 | _a94(477).02 | ||
| 260 |
_aМ. _bВысшая школа _c1967 |
||
| 650 | 7 |
_a9 Географія. Біографії. Історія _2UDC |
|
| 999 |
_c325435 _d325435 |
||